01332cam a22003015a 4500001001400000003000400014005001700018008004100035040004200076082002200118100003100140245009500171260006600266300003400332490006300366500006000429500002300489504004100512650004800553651001000601653002900611655002400640700007900664710008900743942002200832999001700854952015900871ssib011856147OSt20150714104936.0150626s1975 okub frb 001 0 eng d aWaSeSSbengcWaSeSSdWaSeSSdEG-ScBUE04a622.1828bOWE2221 aOwen, Edgar Wesley.93823110aTrek of the Oil Finders :ba history of exploration for petroleum /cby Edgar Wesley Owen. aTulsa :bAmerican Association of Petroleum Geologists,c1975. axv, 1647 p. :bmaps ;c24 cm.0 aMemoir - American Association of Petroleum Geologists ;v6 aAt head of title : Semicentennial commemorative volume. aIncludes indexes.  aIncludes bibliographical references. 0aPetroleum xProspecting xHistory.2BUEsh 2BUEsh bENGPETbENGGENcJuly2015 vreading book9342321 aDott, Robert H.q(Robert Henry),d1896-tSourcebook for petroleum geology.2 aSouthwestern Federation of Geological Societies.tFluids in subsurface environments. 2ddck622.1828 OWE c20344d20316 00102ddc40708BaccahaMAINbMAINc1STd2015-07-14epurchaseg450.00h23142l2m13o622.1828 OWEp000039592r2025-07-15 00:00:00s2018-06-03v562.50yBB